Pharmacognosy (Record no. 5696)

MARC details
000 -LEADER
fixed length control field 00518nam a22001937a 4500
003 - CONTROL NUMBER IDENTIFIER
control field OSt
005 - DATE AND TIME OF LATEST TRANSACTION
control field 20170320191038.0
008 - FIXED-LENGTH DATA ELEMENTS--GENERAL INFORMATION
fixed length control field 170320b xxu||||| |||| 00| 0 eng d
020 ## - INTERNATIONAL STANDARD BOOK NUMBER
International Standard Book Number 8196396155
040 ## - CATALOGING SOURCE
Transcribing agency DMLN
082 ## - DEWEY DECIMAL CLASSIFICATION NUMBER
Classification number QV752 K79p 2010
100 ## - MAIN ENTRY--PERSONAL NAME
Personal name Kokate, C.K.; Purohit, A.P.; Gokhale S.B.
9 (RLIN) 11861
245 ## - TITLE STATEMENT
Title Pharmacognosy
260 ## - PUBLICATION, DISTRIBUTION, ETC. (IMPRINT)
Place of publication, distribution, etc. Chennai; Nirali Prakashan, 2010
300 ## - PHYSICAL DESCRIPTION
Extent diff't pges, ill:slides, 24cm
504 ## - BIBLIOGRAPHY, ETC. NOTE
Bibliography, etc Appendices included
650 ## - SUBJECT ADDED ENTRY--TOPICAL TERM
Topical term or geographic name as entry element Pharmacognosy
9 (RLIN) 11862
942 ## - ADDED ENTRY ELEMENTS (KOHA)
Source of classification or shelving scheme Other/Generic Classification Scheme
Koha item type Short Loan
Holdings
Withdrawn status Lost status Source of classification or shelving scheme Damaged status Not for loan Home library Current library Date acquired Source of acquisition Inventory number Total Checkouts Full call number Barcode Date last seen Koha item type
    Other/Generic Classification Scheme     Pharmacy Department Library Pharmacy Department Library 20/03/2017   11/00148   QV752 K79p 2010 2017-0419 20/03/2017 Short Loan
    Other/Generic Classification Scheme     Pharmacy Department Library Pharmacy Department Library 20/03/2017   11/00149   QV752 K79p 2010 2017-0420 20/03/2017 Short Loan
    Other/Generic Classification Scheme     Pharmacy Department Library Pharmacy Department Library 20/03/2017   11/00150   QV752 K79p 2010 2017-0421 20/03/2017 Short Loan
    Other/Generic Classification Scheme     Pharmacy Department Library Pharmacy Department Library 20/03/2017   11/00151   QV752 K79p 2010 2017-0422 20/03/2017 Short Loan